00681nam a2200193Ia 4500952013100000999001700131003000400148005001700152008004100169020001800210040000900228082001900237100003300256245007600289260004900365300000900414650002000423942004400443 00102ddc40708ISLAMaMESbMEScISLd2019-02-20g55.00l0o297.122 FAR/Qp38712r2019-02-20 00:00:00w2019-02-20yBKzGL49R4 c23363d23363OSt20200206113420.0190216s9999||||xx |||||||||||||| ||und|| a9788182715677 coclc a297.122bFAR/Q aFaruqi, Ismail Raji Al91849 0aQuaran Kala Sangeetham /c Ismail Raji Al Faruqi ; Lois Lamya Al Faruqi bIslamic Publishing House,c2010.aKozhikode: a125p aIslamic History cBK2ddch297.122iFAR/Qk297.122mFAR/Q